000 00473nam a2200169 i 4500
001 34053
003 ES-MaACL
005 20240501063029.0
007 t|
008 030204s1970 sp ||||1| spa d
100 1 _aBlanco González, Manuel,
_d1932-
_929264
245 1 0 _aTu mundo propio /
_cManuel Blanco González.
260 _aMadrid :
_bGredos,
_c[1970]
300 _a204 p. ;
_c19 cm.
852 _aES-MaACL
_jC-40000
_bR.72307
999 _c34053
_d34053